000 00437nam a2200169Ia 4500
008 240729s9999 xx 000 0 und d
022 _a2584-6612
245 0 _aJournal of Business Paradigms
260 _aCroatia
260 _bBusiness School PAR
650 _a Business
650 _a Commerce
650 _aSocial Sciences
856 _uhttps://doaj.org/toc/9ac516215a31486c84f135faf514413b
942 _2ddc
942 _cDOAJEJ
999 _c70987
_d70987
945 _a1
_bMadushi Gamage
_c1
_dMadushi Gamage